Nascar Drivers by nickname - Statistics

General Stats
  • This quiz has been taken 64 times
    16 since last reset
  • The average score is 19 of 28
Answer Stats
Hint Answer % Correct
The IntimidatorBig E Dale Earnhardt
100%
Little E Dale Earnhardt Jr
100%
The King Richard Petty
100%
Melon Man Ross Chastain
100%
Million Dollar BillAwesome Bill Bill Elliott
92%
Rainbow WarriorWonderboy Jeff Gordon
92%
Cousin Carl Carl Edwards
85%
Cold Custard Cole Custer
85%
That Jones Boy Erik Jones
85%
Sliced Bread Joey Logano
85%
Wrecky Spinhouse Ricky Stenhouse Jr.
85%
Texas TerryIronman The Iceman Terry Labonte
85%
Swervin' Irvan Ernie Irvan
77%
Handsome HarryMr. September Harry Gant
69%
The CloserHappy Kevin Harvick
69%
Jaws Darrel Waltrip
62%
Silver Fox David Pearson
62%
Front Row Joe Joe Nemecheck
62%
The Kid Mark Martin
62%
Rocketman Ryan Newman
62%
Yung Money Kyle Larson
54%
Mr. Excitement Jimmy Spencer
46%
Hermanator Kenny Wallace
38%
Special KPolish Prince Alan Kulwicki
31%
The Rooster Ricky Rudd
31%
The Onion Todd Bodine
31%
Buckeye Bullet Dave Blaney
23%
Super Tex AJ Foyt
15%
No matching quizzes found
Score Distribution
Percent of People with Each Score
Percentile by Number Answered
Your Score History
You have not taken this quiz since the last reset